000 00431nam a2200145 i 4500
001 141950
003 ES-MaACL
007 t|
008 071001s1972 ag ||||1| spa d
100 1 _aWaisman, Marina.
_9115875
245 1 3 _aLa estructura histórica del entorno /
_cMarina Waisman.
260 _aBuenos Aires :
_bNueva Visión,
_c[1972]
300 _a278 p., 16 lám. :
_bil. ;
_c20 cm.
852 _aES-MaACL
_jE-8751
_bR.93172
999 _c141950
_d141950